000 003870000a22001090004500
245 1 0 _aDuro Pronunciamiento en defensa de la "Pacha mama"
300 _anúm.28 (Junio, 2011), Pág. 14
520 _aConjunto de organizaciones cuestiona la explotación voraz y depredadora de la Tierra.
650 1 4 _aNATURALEZA
773 0 _tVida nueva: Una palabra comprometida en la iglesia
942 _cANA
999 _c63527
_d63527